000 00483nam a2200217Ia 4500
001 12023
003 GE_BSU
008 181216s||||||||xx |||||||||||||| ||und||
020 _a9780230229600
040 _cGE_BSU
080 _a327
100 _aBerridge, G.R.
245 _aDiplomacy Theory and Practice
260 _aNew York
260 _bMacmillan
260 _c2010
300 _a282p.21cm.
541 _h72 Gel.
653 _aDiplomacy Theory and Practice
942 _cBK
999 _c45200
_d45200